000 00343 a2200109 4500
001 ART_2997
005 20260410161711.0
008 260409a
245 1 0 _aConcentración industrial en la Argentina, 1956-1966
100 1 _aSkupch, Pedro R.
773 0 _tDesarrollo económico
_g- Vol. 11, Nº 41 (abr./jun. 1971)
_wREV1174
999 _c16124
_d16124